LEADER 00954cam0-22003131i-450- 001 990006891570403321 005 20110427110549.0 010 $a2-86537-885-3 035 $a000689157 035 $aFED01000689157 035 $a(Aleph)000689157FED01 035 $a000689157 100 $a20010426d1999----km-y0itay50------ba 101 0 $afre 105 $aa-------001yy 200 1 $aImmigration africaine en Afrique du Sud$eles migrants francophones des annees 90$fAntoine Bouillon (éd.) 210 $aJohannesbourg$cIfas$eParis$cKarthala$d1999. 215 $a238 p.$ctav. ; ill.$d24 cm 225 1 $aHommes et sociétés 610 0 $aImmigrati -$aSud Africa 676 $a305.896$v19$zita 702 1$aBouillon,$bAntoine 801 0$aIT$bUNINA$gRICA$2UNIMARC 901 $aBK 912 $a990006891570403321 952 $aXIV E 4097$b34565$fFSPBC 959 $aFSPBC 996 $aImmigration africaine en Afrique du Sud$9629154 997 $aUNINA LEADER 01776nas 2200529-a 450 001 9910892931803321 005 20260218110738.0 035 $a(DE-599)ZDB2947070-5 035 $a(CKB)991042749605084 035 $a(CONSER)sn-90018312- 035 $a(DE-599)2947070-5 035 $a(EXLCZ)99991042749605084 100 $a19900906b19871992 --- - 101 0 $aeng 182 $cc$2rdamedia 183 $acr$2rdacarrier 200 00$aYearbook /$fIWGIA 210 $aCopenhagen, Denmark $cInternational Work Group for Indigenous Affairs$d1988-1992 215 $a1 online resource 300 $aTitle from cover. 300 $aVols. for 1987-<1988> have also distinctive titles. 311 08$aPrint version: Yearbook (International Work Group for Indigenous Affairs) 0902-6266 (DLC)sn 90018312 (OCoLC)22340092 517 3 $aIWGIA yearbook 606 $aIndigenous peoples$vPeriodicals 606 $aHuman rights$vPeriodicals 606 $aRace discrimination$vPeriodicals 606 $aCivil rights$vPeriodicals 606 $aCivil rights$2fast$3(OCoLC)fst00862627 606 $aHuman rights$2fast$3(OCoLC)fst00963285 606 $aIndigenous peoples$2fast$3(OCoLC)fst00970213 606 $aRace discrimination$2fast$3(OCoLC)fst01086465 608 $aPeriodicals.$2fast 615 0$aIndigenous peoples 615 0$aHuman rights 615 0$aRace discrimination 615 0$aCivil rights 615 7$aCivil rights. 615 7$aHuman rights. 615 7$aIndigenous peoples. 615 7$aRace discrimination. 676 $a305.8 712 02$aInternational Work Group for Indigenous Affairs. 906 $aJOURNAL 912 $a9910892931803321 920 $aexl_impl conversion 996 $aYearbook$9979773 997 $aUNINA